| 000 | 03119cam a22005174i 4500 | ||
|---|---|---|---|
| 003 | PE-LiUPU | ||
| 005 | 20251023083315.0 | ||
| 008 | 150706s2011 ck a r 000 0 spa d | ||
| 020 | _a9789587620351 | ||
| 035 | _a(Sirsi) i9789587620351 | ||
| 040 |
_aPE-LiUPU _bspa _cPE-LiUPU _erda |
||
| 049 | _aPRUA | ||
| 082 | 0 | 4 |
_a720.483 _bN56 _221 |
| 082 | 0 | 4 |
_a720 _bN39 2011 |
| 100 | 1 |
_aNieto, Nemecio Martiniano, _eautor. |
|
| 245 | 1 | 0 |
_aConstrucción de edificios : _bdiseñar para construir / _cNemecio Martiniano Nieto. |
| 250 | _aPrimera edición. | ||
| 264 | 1 |
_aBogotá : _bNobuko, _c2011. |
|
| 300 |
_a633 páginas : _bilustraciones ; _c24 centímetros. |
||
| 336 |
_atext _2rdacontent |
||
| 337 |
_aunmediated _2rdamedia |
||
| 338 |
_avolume _2rdacarrier |
||
| 505 | 0 | _aProyecto de la obra -- Proceso productivo en arquitectura -- Condicionantes climáticos del diseño arquitectónico -- Condicionantes tecnológicos del diseño arquitectónico -- Uso de los materiales y elementos de construcción -- Materialización de la obra -- Trabajos previos -- Movimiento de tierras. Fundaciones -- Mampostería -- Aislación hidrófuga (pisos y paredes) -- Andamios -- Hormigón -- Encofrados -- Estructuras -- Entrepisos y techos (estructuras) -- Cubierta de techos -- Tabiques livianos -- Revoques -- Cielorrasos -- Pisos -- Revestimientos -- Circulaciones horizontales y verticales -- Carpintería de obra -- Vidrios y cristales -- Pinturas -- Otros trabajos de albañilería -- Construcciones con tierra -- Áreas sin servicios. | |
| 526 | _aP158 | ||
| 526 | _aP146 | ||
| 526 | _aP17 | ||
| 526 | _aP12 | ||
| 526 | _aP06 | ||
| 541 | _g015-001533; | ||
| 650 | 0 | 4 |
_aDiseño arquitectónico. _94380 |
| 650 | 0 | 4 |
_aConstrucción de edificios _vManuales. |
| 650 | 0 | 4 |
_aConstrucción _vManuales. |
| 650 | 0 | 0 |
_aMateriales de construcción. _943 |
| 910 |
_cbd _d20120527 |
||
| 910 |
_btqv _cwelc _d20170904 |
||
| 942 |
_2ddc _cBOOK |
||
| 949 |
_a720.483 N56 _wDEWEY _c1 _i67268 _lCCODEBUL1 _mBUL _p63.00 _r0 _sY _tBOOK _u2015-7-6 _xINGENIERIA _PP25 _o.STAFF. Colección General |
||
| 949 |
_a720 N39 2011 _wDEWEY _c1 _iFJ08681 _lCCODEBUJ1 _mBUJ _p62.00 _r0 _sY _tBOOK _u2017-09-04 _xINGENIERIA _PP25 _0COMPRA _o.STAFF. Colección General Juliaca |
||
| 949 |
_a720 N39 2011 _wDEWEY _c2 _iFJ08682 _lCCODEBUJ1 _mBUJ _p62.00 _r0 _sY _tBOOK _u2017-09-04 _xINGENIERIA _PP25 _0COMPRA _o.STAFF. Colección General Juliaca |
||
| 994 |
_aC0 _bPEPRU |
||
| 596 | _a1 3 | ||
| 999 |
_a720.483 N56 _wDEWEY _c54856 _i67268 _d54856 _e2018-5-24 _f2021-11-9 _g7 _lCCODEBUL1 _mBUL _n4 _p63.00 _q1 _r0 _sY _tBOOK _u2015-7-6 _xINGENIERIA _PP25 _0COMPRA _o.STAFF. Colección General |
||
| 999 |
_a720 N39 2011 _wDEWEY _c1 _iFJ08681 _d2019-11-21 _f2022-2-1 _g3 _lCCODEBUJ1 _mBUJ _p62.00 _q3 _r0 _sY _tBOOK _u2017-9-4 _xINGENIERIA _PP25 _0COMPRA _o.STAFF. Colección General Juliaca |
||
| 999 |
_a720 N39 2011 _wDEWEY _c2 _iFJ08682 _f2022-2-1 _g3 _lCCODEBUJ1 _mBUJ _p62.00 _r0 _sY _tBOOK _u2017-9-4 _xINGENIERIA _PP25 _0COMPRA _o.STAFF. Colección General Juliaca |
||
| 980 |
_818226 _gJaime Vilcazán Jefe de Análisis Documental |
||